Atlas geográfico estadístico e histórico de la República Mexicana (Record no. 8314)
[ view plain ]
| 000 -CABECERA | |
|---|---|
| campo de control de longitud fija | 01029nam a2200289 a 4500 |
| 001 - NÚMERO DE CONTROL | |
| campo de control | BRCA_8655 |
| 005 - FECHA Y HORA DE LA ÚLTIMA TRANSACCIÓN | |
| campo de control | 20190320210346.0 |
| 008 - DATOS DE LONGITUD FIJA--INFORMACIÓN GENERAL | |
| campo de control de longitud fija | 051016s1858----mx-b######---#000-0#spa-# |
| 041 ## - CÓDIGO DE LENGUA | |
| Código de lengua del texto/banda sonora o título independiente | spa |
| 044 ## - CÓDIGO DEL PAÍS DE LA ENTIDAD EDITORA/PRODUCTORA | |
| Código MARC del país | mx |
| 050 #4 - SIGNATURA TOPOGRÁFICA DE LA BIBLIOTECA DEL CONGRESO | |
| Número de clasificación | F1208 |
| Número de documento/Ítem | .G37 |
| -- | 1858 |
| 100 1# - ENTRADA PRINCIPAL--NOMBRE DE PERSONA | |
| Nombre de persona | García y Cubas, Antonio |
| 9 (RLIN) | 21590 |
| 245 10 - MENCIÓN DE TÍTULO | |
| Título | Atlas geográfico estadístico e histórico de la República Mexicana |
| Mención de responsabilidad, etc. | Antonio García y Cubas. |
| 260 ## - PUBLICACIÓN, DISTRIBUCIÓN, ETC. | |
| Lugar de publicación, distribución, etc. | México |
| Nombre del editor, distribuidor, etc. | Imprenta de José Mariano Fernández de Lara |
| Fecha de publicación, distribución, etc. | 1858 |
| 300 ## - DESCRIPCIÓN FÍSICA | |
| Extensión | 1 vol. (sin paginación) |
| Otras características físicas | mapas, col. |
| Dimensiones | 55 cm |
| 500 ## - NOTA GENERAL | |
| Nota general | Fondo antiguo |
| 500 ## - NOTA GENERAL | |
| Nota general | Se encuentra en Caja Fuerte |
| 500 ## - NOTA GENERAL | |
| Nota general | W-13/R-47/B |
| 500 ## - NOTA GENERAL | |
| Nota general | Incluye índice de las cartas |
| 500 ## - NOTA GENERAL | |
| Nota general | Contiene suplemento |
| 500 ## - NOTA GENERAL | |
| Nota general | Incluye 31 mapas a color de la República Mexicana |
| 500 ## - NOTA GENERAL | |
| Nota general | Nota de encuadernación: tela sobre cartón |
| 506 0# - NOTA DE RESTRICCIONES AL ACCESO | |
| Limitaciones de acceso | Fondo reservado: para su consulta es necesario credencial de usuario y carta de motivos |
| 650 14 - PUNTO DE ACCESO ADICIONAL DE MATERIA--TÉRMINO DE MATERIA | |
| Término de materia o nombre geográfico como elemento de entrada | México |
| Término indicativo de función/relación | Estadística |
| 9 (RLIN) | 4504 |
| 902 ## - CATALOGADOR | |
| Iniciales | LAR |
| 942 ## - ELEMENTOS DE PUNTO DE ACCESO ADICIONAL (KOHA) | |
| Fuente del sistema de clasificación o colocación | Library of Congress Classification |
| Tipo de ítem Koha | Libros |
| Estado de retiro | Estado de pérdida | Estado dañado | No para préstamo | Localización permanente | Ubicación/localización actual | Fecha de adquisición | Total de préstamos | Signatura topográfica completa | Código de barras | Fecha visto por última vez | Fecha del último préstamo | Precio válido a partir de | Tipo de ítem Koha |
|---|---|---|---|---|---|---|---|---|---|---|---|---|---|
| El ejemplar forma parte de la colección y puede ser consultado según las políticas vigentes. | Biblioteca del Museo Franz Mayer (Rogerio Casas-Alatriste) | Biblioteca del Museo Franz Mayer (Rogerio Casas-Alatriste) | 05/10/2016 | 1 | F1208 .G37 1858 | LAR00157 | 08/10/2021 | 08/10/2021 | 22/03/2019 | Libros |